000 00600nam a2200169 a 4500
001 000042436
005 20201002040144.0
008 131202s1995 sp cf 000 0 spa d
020 _a8408014919
040 _aDO-SdBNP
_bspa
_cBNPHU
082 _axxx
_bA396a
100 1 _aAlguersuari, José María
_d1945-
_969582
245 1 0 _aÁlbum de fotografía práctica. :
_b120 fotos de vida cotidiana, paisajes, deportes y retratos comentadas por su autor /
_cJosé María Alguersuari.
260 _aEspaña, :
_bPlaneta,
_c1995.
300 _a142 p. :
_bfot., lam. ;
_c27 cm.
590 _aInventariado, 2019/ YL
999 _c41925
_d41925